000 00972nac a22003137a 4500
001 BR8006177
003 BR-BrBNA
005 20240105114818.0
008 230509b bl.|||m| |||| 00| 0 por d
040 _aBR-BrBNA
_bpor
_cBiblioteca Nacional de Agricultura
072 _aE30; F00; L00
090 _aE30 BR8006177
110 1 _aSecretaria da Agricultura, Cuiaba, MT (Brasil)
_98365
245 1 _aRelatorio Anual de Atividades da Secretaria da Agricultura 1979 [Mato Grosso, Brasil]
260 3 _aCuiaba, MT (Brasil):
_c1980.
300 _a30 p.
490 _aRelatorio - Secretaria da Agricultura (Brazil)
_v
_x
500 _a10 tables; 5 illus.
650 _aPOLITICA AGRICOLA
650 _aADMINISTRACAO AGRICOLA
650 _aDIRETRIZ
650 _aPROGRAMA DE PESQUISA
650 _aPRODUCAO VEGETAL
650 _aSAFRA
650 _aPECUARIA
650 _aMATO GROSSO
909 _a202312
_bLúcia Elande
_c55
_dLúcia Elande
942 _2AGRIS
_n0
_cMS
999 _c271449
_d271449